Kvalitatívne požiadavky na zariadenie cestovného ruchu a spôsob ich hodnovernej komunikácie bakalárska práca

Na minha lista:
Detalhes bibliográficos
Autor principal: Zacharová, Paulína
Autor Corporativo: Obchodná fakulta EU. Katedra tovaroznalectva a kvality tovaru
Outros Autores: Strhan, Rastislav, 1968-
Formato: Livro
Idioma:eslovaco
Publicado em: Bratislava 2018
Tags: Adicionar Tag
Sem tags, seja o primeiro a adicionar uma tag!

MARC

LEADER 00000nbm a2200000 4500
001 0245163
005 20180911145434.3
041 0 |a slo 
044 |a SK 
245 1 0 |a Kvalitatívne požiadavky na zariadenie cestovného ruchu a spôsob ich hodnovernej komunikácie  |b bakalárska práca  |c Paulína Zacharová ; školiteľ: Rastislav Strhan 
264 1 |a Bratislava  |c 2018 
300 |a 48 s. 
100 1 |a Zacharová, Paulína 
700 1 |a Strhan, Rastislav, 1968- 
710 2 |a Obchodná fakulta EU. Katedra tovaroznalectva a kvality tovaru